| 000 | 00350nmm a2200145 a 4500 | ||
|---|---|---|---|
| 003 | AR-BaBNM | ||
| 005 | 20251128203105.0 | ||
| 008 | 033119s1933 ||||||||||||||000 | spa|| | ||
| 040 | _cAR-BaBNM | ||
| 100 | 1 | _aPeyloubet, Alberto | |
| 245 | 1 | 0 | _aElementos de botánica |
| 260 |
_aBuenos Aires _bGarcía Santos _c1933 |
||
| 942 | _cBK | ||
| 998 | _cJacobzon | ||
| 999 |
_c1834 _d1834 |
||